| 000 | 02962nam0a22004931 4500 | ||
|---|---|---|---|
| 001 | v19\rc\1278547 | ||
| 005 | 20251118180016.9 | ||
| 035 | _a(NLR Aleph) 004429464 | ||
| 090 |
_a4246709 _c4246709 |
||
| 100 | _a20060306d1826 m y0rusy50 ca | ||
| 101 | 2 |
_arus _alat |
|
| 102 | _aRU | ||
| 135 | _acrcn 024anaba | ||
| 140 | _ay у kc yyy | ||
| 200 | 1 |
_aNova rudimenta latini sermonis, _ein usum tironum. _dНовая латинская азбука, _eс приобщением: краткаго начертания этимологии, собрания употребительнейших слов и разговоров. _fСоч. С. Ушаков _zrus |
|
| 210 |
_aСанктпетербург _cпечатано в типографии, состоящей при Особенной канцелярии Министерства внутренних дел _d1826 |
||
| 215 |
_a[2], 59, [1]с. _cтабл. _d8° |
||
| 300 | _aЦенз.: А.С. Бируков, 29 мая 1826 г. | ||
| 300 | _aИмеется шмуцтит. с загл.: "Новая латинская азбука". | ||
| 316 |
_aЭкз. РНБ (18.97.2.273) в обл. из синей бумаги. На 1-й и 2-й с. обл. ярлыки с шифром РНБ. На 2-й с. обл. старый шифр и рукоп. помета (не читаема). На шмуцтит., с.33, и с.59 круглый штамп ГПБ. Размер: 21,0х13,0х0,5 см. _5NLR: 18.97.2.273 |
||
| 325 | _aКопия доступна в Электрон. б-ке РНБ | ||
| 510 | 1 |
_aНовая латинская азбука _zrus |
|
| 620 | _aСанкт-Петербург | ||
| 700 | 1 |
_aУшаков _bС.И. _gСемен Иванович |
|
| 702 | 1 |
_4190 _7ca _8rus _aБируков _bА. С. _f1772-1844 _gАлександр Степанович _9218769 _3RU\NLR\AUTH\770218825 |
|
| 712 | 0 | 1 |
_4610 _aРоссия _bМинистерство внутренних дел _bОсобенная канцелярия _bТипография _9711190 _3RU\NLR\AUTH\880524854 |
| 801 | 0 |
_aRU _bNLR _gpsbo |
|
| 801 | 0 |
_aRU _bRuMoRGB _2psbo |
|
| 801 | 1 |
_aRU _bProSoft-M _2rusmarc |
|
| 852 |
_aNLR _j18.97.2.273 |
||
| 856 | 0 | _uhttps://vivaldi.nlr.ru/bx000027856/view | |
| 856 | 1 | _uhttps://vivaldi.nlr.ru/bx000027856/cover | |
| 856 | 2 | _uhttps://vivaldi.nlr.ru/bx000027856/text | |
| 899 | _aБАН | ||
| 899 | _aНБ СПбГУ | ||
| 899 | _aГПИБ | ||
| 942 | _cBOOK | ||
| 980 | _aNB | ||
| 981 | 2 | 2 |
_a(22) Материалы по истории России _b(22) Культура. Наука. Просвещение. |
| 981 | 2 | 0 |
_a(20) Книжные памятники РНБ _b(20) Русский книжный фонд |